00584nam a2200193 a 4500001001300000003000900013005001700022008004100039020001000080082001800090100002400108245005500132260005100187300000900238500003500247505005700282650002700339700002400366nice12345678IN_TiNIC20260116011641.0050524s1945 laha grp 000 0 urd  ac10000a297.297bABD1 aAbdul Haq, Vidyarti aAa`ina-E-Haq Numab in Reply of Satyarath Prakash. aLahorebAhmadiyya Anjuman Ishaat-E-Islamc1945 a440p aincludes index and biblioraphy2 aAlso Contains a First Reader in New Testament Greek. aIslam-Apologetic Works1 aAbdul Haq, Vidyarti